Dialogue and democracy: a study of engagrment between Indian state and CPI (Marxist-Leninist) groups (Record no. 12665)
[ view plain ]
| 000 -LEADER | |
|---|---|
| fixed length control field | 00585nam a2200181Ia 4500 |
| 082 ## - DEWEY DECIMAL CLASSIFICATION NUMBER | |
| Classification number | TO.0020 |
| 100 ## - MAIN ENTRY--AUTHOR NAME | |
| Personal name | Om Prakash |
| 245 #0 - TITLE STATEMENT | |
| Title | Dialogue and democracy: a study of engagrment between Indian state and CPI (Marxist-Leninist) groups |
| 260 ## - PUBLICATION, DISTRIBUTION, ETC. (IMPRINT) | |
| Year of publication | 2008 |
| Name of publisher | University of Delhi, Delhi |
| 300 ## - PHYSICAL DESCRIPTION | |
| Number of Pages | 265 |
| 504 ## - BIBLIOGRAPHY, ETC. NOTE | |
| Bibliography, etc | includes bibliography |
| 650 ## - SUBJECT ADDED ENTRY--TOPICAL TERM | |
| Topical Term | Democracy |
| Geographic subdivision | India |
| 650 ## - SUBJECT ADDED ENTRY--TOPICAL TERM | |
| Topical Term | India |
| Form subdivision | Politics and government |
| Geographic subdivision | India |
| 650 ## - SUBJECT ADDED ENTRY--TOPICAL TERM | |
| Topical Term | Political parties |
| Geographic subdivision | India |
| 650 ## - SUBJECT ADDED ENTRY--TOPICAL TERM | |
| Topical Term | Communist Party of India (Marxist-Leninist) |
| Geographic subdivision | India |
| 710 ## - ADDED ENTRY--CORPORATE NAME | |
| Corporate name or jurisdiction name as entry element | Singh, Ujjwal Kumar |
| 942 ## - ADDED ENTRY ELEMENTS (KOHA) | |
| Koha item type | Thesis |
| Source of classification or shelving scheme | Dewey Decimal Classification |
| Withdrawn status | Lost status | Damaged status | Not for loan | Home library | Current library | Date acquired | Source of acquisition | Bill Date | Full call number | Accession Number | Price effective from | Koha item type |
|---|---|---|---|---|---|---|---|---|---|---|---|---|
| NASSDOC Library | NASSDOC Library | 20/01/2009 | Gifted by : Fellowship Division, ICSSR | 2008-12-30 | TO.0020 | 44939 | 18/04/2019 | Thesis |
